02571nam2a22002051 4500001001100000005001700011035002600028100004100054101000800095102000700103105001800110200019500128210001800323215001100341461179100352517016002143801001802303801002202321852002202343rc\236505420250622235142.0 a(NLR Aleph) 006479224 a20110829d1976 |||y0rusy50 ca0 arus aRU ay z |||||1 aЧетвертая секция. [Методы исследования региональных экономических связей и межотраслевых комплексов] d1976aБ. м. a91 с. 01001rc\236505112001#$aМатериалы Научной конференции по теме "Актуальные проблемы совершенствования регионального планирования народного хозяйства в период развитого социализма" [17-19 ноября 1976 г. Тбилиси$e1]-$fНауч. совет АН СССР по проблеме размещения произв. сил СССР. Науч. совет по изучению развития и размещения произв. сил Закав. экон. р-на. НИИ экономики и планирования нар. хоз-ва при Госплане$v[5]aМежреспубликанская научная конференция по теме "Актуальные проблемы совершенствования регионального планирования народного хозяйства в период развитого социализма" (1976 ; Тбилиси)cТбилисиd1976fНауч. совет АН СССР по проблеме размещения произв. сил СССР. Науч. совет по изучению развития и размещения произв. сил Закав. экон. р-на. НИИ экономики и планирования нар. хоз-ва при ГоспланеnБ. и.o1]-p90 с.tМатериалы Научной конференции по теме "Актуальные проблемы совершенствования регионального планирования народного хозяйства в период развитого социализма" [17-19 ноября 1976 г. Тбилисиv[5]0 aМетоды исследования региональных экономических связей и межотраслевых комплексов 0aRUbNLRgpsbo 1aRUbELAR2rusmarc aNLRj76-50к/5788